Iglesia Nazareno distrito norte de Nicaragua
El proyecto tiene como función elaborar el diseño de los proyectos asignados por parte del superintendente de distrito. También tiene como responsabilidad recopilar y facilitar la información de los proyectos asignados, levantamiento y dibujo arquitectónico; realizar modificaciones en planos, m...
| Main Author: | |
|---|---|
| Other Authors: | |
| Format: | Tesis Section = Libro |
| Language: | Undetermined Spanish |
| Published: |
Managua
UNI
2019
|
| Subjects: |
| LEADER | 01472nam a2200301Ia 4500 | ||
|---|---|---|---|
| 008 | 240830s9999 xx 000 0 und d | ||
| 040 | |a BIBLIOTECA-RUSB/ Mon 726.51 P585 | ||
| 041 | |a spa | ||
| 082 | |a Mon 726.51 P585 | ||
| 100 | 1 | |a Picado Herrera, Wilfredo Reynaldo | |
| 245 | 1 | 0 | |a Iglesia Nazareno distrito norte de Nicaragua |
| 260 | |a Managua |b UNI |c 2019 | ||
| 300 | |a 54 p. :il. | ||
| 500 | |a Contiene: Informe de práctica profesional, anexos y CD. | ||
| 502 | |a Tesis (Arquitecto) - UNI, 2019. | ||
| 520 | 3 | |a El proyecto tiene como función elaborar el diseño de los proyectos asignados por parte del superintendente de distrito. También tiene como responsabilidad recopilar y facilitar la información de los proyectos asignados, levantamiento y dibujo arquitectónico; realizar modificaciones en planos, modelado 3D, cálculo de presupuesto, infografía. Las responsabilidades asignadas fueron realizadas con herramientas y software, tales como: AutoCad, Sketchup, Word, Excel y PowerPoint. | |
| 650 | 7 | |a EDIFICIOS-DISEÑO Y CONSTRUCCION | |
| 650 | 7 | |b DISEÑO ARQUITECTONICO | |
| 650 | 7 | |c DIBUJO Y PLANOS ARQUITECTONICO | |
| 650 | 7 | |d DISEÑO DE ESTRUCTURAS | |
| 650 | 7 | |e ARQUITECTURA RELIGIOSA | |
| 650 | 7 | |f SISTEMA DE REPRESENTACION TRIDIMENSIONAL | |
| 650 | 7 | |g PRACTICAS PROFESIONALES | |
| 650 | 7 | |h FORMACIÓN PROFESIONAL | |
| 700 | 1 | |a Tutor: |b Morales Sánchez, Erick Alejandro | |
| 942 | |c BK |2 ddc | ||
| 991 | |a TESIS | ||
| 999 | |c 21354 | ||